Пять разрезов (по линиям IK, GН, EF, CD и AB) фундаментов с указанием производственных работ по возведению галерей, согласно общ...

Доступно только в Электронных читальных залах Найти на картеНа карте
RUSMARC
00003844nmc2a22000003x 450
001d751eb9c-fc04-479d-af17-fc0819c6fadd
00520190430122908.0
100##$a20180207l18281828k l0rusy0189 ca
1010#$arus
102##$aRU
2001#$aПять разрезов (по линиям IK, GН, EF, CD и AB) фундаментов с указанием производственных работ по возведению галерей, согласно общему плану работ за №55, произведенных с 1 августа по 1 сентября 1828 года
$j1828 г.
$e(чертеж в красках)
251##$cДело
300##$aПостроение Исаакиевского собора. Чертежи по возведению собора
801#0$aRU
$bРГИА
$c20180207
$gRCR
801#1$aRU
$bГлавНИВЦ
$c20180207
$2rusmarc
801#2$aRU
$bПБ им. Б.Н. Ельцина
$c20190430
$gRCR
$2rusmarc
850##$aРГИА
852##$aРГИА
$eФедеральное казенное учреждение "Российский государственный исторический архив" (РГИА)
$j65
937##$hРГИА
$d12265667
$aASBIBLIO_SCAN
462#0$1001900f56e9-7b99-4449-85b3-59c9d748bc9c
$12001
$a1820-1913 гг.
$1251
$cОпись
$1852
$j2
461#0$100125a8a0c1-b62b-4a3b-b883-4264dbd1873b
$12001
$aКабинет архитектора Монферрана (коллекция)
$1251
$cФонд
$1852
$j502
215##$a1 л.
$cчерт.
$d59х85 см
371##$aДокумент не является опубликованным и широко распространяемым
105##$aa###
1222#$ad
035##$ad751eb9c-fc04-479d-af17-fc0819c6fadd
856##$uhttp://readingroom.main.prlib.ru/item.aspx?id_node=n129140491&mode=full
Формат отображения